Normal view
MARC view
Entry Personal Name
001 - CONTROL NUMBER
- control field: 56955
003 - CONTROL NUMBER IDENTIFIER
- control field: OSt
005 - DATE AND TIME OF LATEST TRANSACTION
- control field: 20160514122552.0
008 - FIXED-LENGTH DATA ELEMENTS
- fixed length control field: 160514|| aca||aabn | a|a d
040 ## - CATALOGING SOURCE
- Original cataloging agency: OSt
- Transcribing agency: OSt
100 ## - HEADING--PERSONAL NAME
- Personal name: भदौरिया, अर्जुन सिंह
670 ## - SOURCE DATA FOUND
- Source citation: Work cat.: (OSt)21308: भदौरिया, अर्जुन सिंह , नींव के पत्थर , 1992









